Państwa biorące udział w Mistrzostwach Świata w Piłce Nożnej w 1938 - Statystyki

Ogólne statystyki
  • Ten quiz został rozwiązany 31 razy
  • Średni wynik to 11 z 15
Statystyki odpowiedzi
Wynik Państwo % Poprawnych
Mistrz Włochy
100%
1/8 finału Rzesza Niemciecka
97%
3 miejsce Brazylia
93%
Ćwierćfinalista Francja
90%
1/8 finału Polska
86%
1/8 finału Holandia
72%
4 miejsce Szwecja
72%
Wicemistrz Węgry
69%
1/8 finału Belgia
66%
Ćwierćfinalista Czechosłowacja
66%
1/8 finału Norwegia
62%
Ćwierćfinalista Szwajcaria
62%
1/8 finału Rumunia
59%
1/8 finału Indie Holenderskie
31%
Ćwierćfinalista Kuba
31%
Nie znaleziono quizów pasujących do podanych kryteriów
Rozkład punktacji
Procent ludzi z każdym wynikiem
Percentyl według liczby udzielonych odpowiedzi
Twoja historia wyników
Nie rozwiązałeś tego quizu